1037 1930 1897 1084 1108 1054 1336 1021 1318 1206 1314 1803 1360 1206 1289 1438 1649 1362 1938 1577 1079 1069 1497 1835 1858 1339 1889 1132 1494 1415 1591 1109 1220 1785 1919 1203 1993 1413 1363 1305 1288 1391 1786 1426 1863 1062 1694 1693 1644 1072 1839 1560 1548 1320 1220 1131 1269 1685 1046 1334 1952 1362 1569 1561 1532 1775 1909 1201 1306 1368 1146 1035 1022 1470 1831 1978 1202 1429 1395 1985 1623 1298 1092 1989 1020 1927 1856 1583 1681 1947 1859 1294 1264 1833 1713 1587 1576 1867 1384 BCNSPRNW ULIB Ver.6.0+V

เปลี่ยนเป็นภาษาไทย

Change to English
 แสดงรายละเอียดบรรณานุกรม
  กลับหน้าหลัก

Brief Record : Get Marc (ISO 2709) : E-mail record : QR code < ปิดหน้าต่าง
LEADER : 00000nam 2200000uu 4500
001    13399123476
003     ULIB
008    140923s2557||||th 000 0 tha d
020    ^a9786162794216
060  4 ^aWB105^bพ865อ
110 1  คณะแพทยศาสตร์ศิริราชพยาบาล^bภาควิชาอายุรศาสตร์
245    ^aอายุรศาสตร์ทันยุค2557UPDATE IN INTERNAL Medicine /^cภาควิชาอายุรศาสตร์ คณะแพทยศาสตร์ศิริราชพยาบาล
260    ^aกรุงเทพฯ :^bภาพพิมพ์,^c2557
300    ^a558 หน้า
500    ^aการประยุกต์ใช้แนวเวชปฏิบัติทั่วไป ความดันโลหิตสูง มะเร็งที่ไม่ทราบตำแหน่ง โรคเชื้อราที่เล็บ ยาทางจิตเวชเพื่อรักษา การดูแลรักษาสุขภาพในผู้ใหญ่ การรักษาด้วยยาต้านจุลชีพชนิดฉีดแบบผู้ป่วยนอก ไทรอยด์เป็นพิษ โรคกระดูกพรุน ภวะพิษจากพาราเซตามอลโรคไตจากเบาหวานภาวะช็อก
650    ^aอายุรศาสตร์ทันยุค
700 0  ^aพูลชัย จรัสเจริญวิทยา
945    ^p400^l0^i20823
945    ^p400^l0^i20824
945    ^p400^l0^i20825
945    ^p400^l0^i20826
945    ^p400^l0^i20827
999    ^aทศพร เกษรทอง
รายการนี้ยังไม่มีแท็ก
คุณยังไม่ได้ล็อกอิน คุณสามารถมีกิจกรรมร่วมกับเว็บไซต์ได้ แต่ต้องล็อกอินก่อน ::
  ล็อกอิน

รายการสื่อสารสนเทศ

ลำดับที่ ประเภท เลขเรียก/บาร์โค้ด สถานที่ สถานะ
1. วิทยาศาสตร์การแพทย์ และสุขภาพ
วิทยาศาสตร์การแพทย์ และสุขภาพ
สถานะ=หนังสือเก่า
WB105 พ865อ ฉ.1 
  Barcode: 20823
ห้องสมุดวิทยาเขตนครสวรรค์
►ส่วนจัดเก็บหนังสือเก่า นว.
บนชั้น
  ขอยืม
2. วิทยาศาสตร์การแพทย์ และสุขภาพ
วิทยาศาสตร์การแพทย์ และสุขภาพ
สถานะ=หนังสือเก่า
WB105 พ865อ ฉ.2 
  Barcode: 20824
ห้องสมุดวิทยาเขตนครสวรรค์
►ส่วนจัดเก็บหนังสือเก่า นว.
บนชั้น
  ขอยืม
3. วิทยาศาสตร์การแพทย์ และสุขภาพ
วิทยาศาสตร์การแพทย์ และสุขภาพ
สถานะ=หนังสือเก่า
WB105 พ865อ ฉ.3 
  Barcode: 20825
ห้องสมุดวิทยาเขตนครสวรรค์
►ส่วนจัดเก็บหนังสือเก่า นว.
บนชั้น
  ขอยืม
4. วิทยาศาสตร์การแพทย์ และสุขภาพ
วิทยาศาสตร์การแพทย์ และสุขภาพ
WB105 พ865อ ฉ.4 
  Barcode: 20826
ห้องสมุดวิทยาเขตนครสวรรค์
►หนังสือทั่วไป:l:General Books
บนชั้น
5. วิทยาศาสตร์การแพทย์ และสุขภาพ
วิทยาศาสตร์การแพทย์ และสุขภาพ
สถานะ=หนังสือเก่า
WB105 พ865อ ฉ.5 
  Barcode: 20827
ห้องสมุดวิทยาเขตนครสวรรค์
►ส่วนจัดเก็บหนังสือเก่า นว.
บนชั้น
  ขอยืม

รายการใกล้เคียง
    หัวเรื่อง [อายุรศาสตร์ทันยุค]

BibComment


ยังไม่เคยถูกคอมเมนท์

คอมเมนท์ทรัพยากรรายการนี้
  คอมเมนท์: อายุรศาสตร์ทันยุ..


 Copyright 2026. Bcnsprnw @Library